Translating worlds (Record no. 533101)

MARC details
000 -LEADER
fixed length control field 00871nam a2200241Ia 4500
003 - CONTROL NUMBER IDENTIFIER
control field OSt
005 - DATE AND TIME OF LATEST TRANSACTION
control field 20220925195502.0
008 - FIXED-LENGTH DATA ELEMENTS--GENERAL INFORMATION
fixed length control field 220923b |||||||| |||| 00| 0 eng d
020 ## - INTERNATIONAL STANDARD BOOK NUMBER
International Standard Book Number 9780986132513
037 ## - SOURCE OF ACQUISITION
Terms of availability General Book
040 ## - CATALOGING SOURCE
Original cataloging agency RTL
Transcribing agency RTL
Language of cataloging eng
041 ## - LANGUAGE CODE
Source of code eng
Language code of text/sound track or separate title eng
100 ## - MAIN ENTRY--PERSONAL NAME
Personal name HANKS William F
9 (RLIN) 21640
245 #0 - TITLE STATEMENT
Title Translating worlds
Remainder of title The epistemological space of translation Special issue in ethnographic theory series
260 ## - PUBLICATION, DISTRIBUTION, ETC.
Place of publication, distribution, etc. Chicago
Name of publisher, distributor, etc. HAU Books
Date of publication, distribution, etc. 2015
300 ## - PHYSICAL DESCRIPTION
Extent ix, 324p
Dimensions cm.
700 ## - ADDED ENTRY--PERSONAL NAME
Personal name SEVERI Carlo
9 (RLIN) 254679
942 ## - ADDED ENTRY ELEMENTS (KOHA)
Classification part Y:3(P111:795), Q5
Koha item type General Books
Source of classification or shelving scheme Colon Classification (CC)

No items available.

Copyright @ Delhi University Library System